000 00580nam a22002417a 4500
003 BR-BrBNA
005 20231205171854.0
008 231205b bl.||||| |||| 00| 0 por d
020 _a9788598078465
040 _aBR-BrBNA
_bpor
041 _apor
072 _aS89
100 _aMeyer, Stephenie.
245 _aAmanhecer /
260 _aRio de Janeiro - RJ:
_bIntrísica,
_c2009.
300 _a567 p.
650 _aLITERATURA INFANTO-JUVENIL
650 _aFICÇÃO
650 _aROMANCE
909 _a12/2023
_bSarah
942 _cBK
999 _c259834
_d259834